[Event "Championnats de la Loire jeunes - benja"]
[Site "St-Etienne"]
[Date "????.??.??"]
[Round "4.1"]
[White "Adamus, Jeremy"]
[Black "Farge, Damien"]
[Result "1-0"]
[WhiteElo "1780"]
[BlackElo "1610"]
[PlyCount "45"]

1. d4 d5 2. c4 c6 3. Nc3 Nf6 4. cxd5 Nxd5 5. e4 Nxc3 6. bxc3 e6 7. Nf3 Nd7 8.
Bf4 Nf6 9. Qc2 Qa5 10. Bd3 c5 11. O-O b5 12. c4 b4 13. d5 exd5 14. cxd5 Qb6 15.
Be3 Be7 16. Qc4 Bb7 17. Rfc1 Rc8 18. a3 Ba6 19. Qxa6 Qxa6 20. Bxa6 Rc7 21. axb4
Nxe4 22. Bf4 Rd7 23. Bb5 1-0

[Event "Championnats de la Loire jeunes - benja"]
[Site "St-Etienne"]
[Date "????.??.??"]
[Round "4.2"]
[White "Barnes, Pierrick"]
[Black "Roncin, Cesar"]
[Result "1-0"]
[WhiteElo "1500"]
[BlackElo "1790"]
[PlyCount "67"]

1. e4 e6 2. d4 d5 3. Nc3 Nf6 4. Bd3 c5 5. dxc5 dxe4 6. Bb5+ Nc6 7. Qxd8+ Kxd8
8. Bg5 Bxc5 9. Bxf6+ gxf6 10. Nxe4 Bd4 11. O-O-O Ke7 12. Bxc6 Bxb2+ 13. Kxb2
bxc6 14. Ne2 Bb7 15. Nc5 Bc8 16. Rd2 Rb8+ 17. Kc1 Rb5 18. Nb3 c5 19. Rhd1 Rg8
20. Nc3 Rb4 21. g3 Rgg4 22. Rd8 Rgc4 23. Rxc8 Rxc3 24. Rc7+ Ke8 25. Rdd7 Rbc4
26. Na1 Ra3 27. Rxa7 Rf3 28. Rdb7 Rd4 29. Nb3 Rd5 30. Nxc5 Rxf2 31. Re7+ Kd8
32. Rxf7 Ke8 33. Rae7+ Kd8 34. Nb7+ 1-0

[Event "Championnats de la Loire jeunes - benja"]
[Site "St-Etienne"]
[Date "????.??.??"]
[Round "4.3"]
[White "Borron, Herve"]
[Black "Pupier, Terry"]
[Result "0-1"]
[WhiteElo "1180"]
[BlackElo "1740"]
[PlyCount "88"]

1. e4 e5 2. Nf3 Nf6 3. Nxe5 d6 4. Nf3 Nxe4 5. d3 Nf6 6. Bg5 Be7 7. Be2 O-O 8.
O-O Bf5 9. Nc3 Nbd7 10. Re1 c6 11. h3 d5 12. Qd2 Re8 13. Bf4 Nc5 14. Ne5 Bd6
15. d4 Nce4 16. Nxe4 Nxe4 17. Qd1 Bxe5 18. dxe5 Qb6 19. Be3 Qxb2 20. Bd4 Nc3
21. Bxc3 Qxc3 22. Bd3 Bxd3 23. cxd3 Rxe5 24. Rxe5 Qxe5 25. d4 Qc7 26. Rb1 h6
27. Qd2 Re8 28. a4 b6 29. Rc1 Qd6 30. Kf1 c5 31. Kg1 Re4 32. dxc5 bxc5 33. a5
d4 34. Qd3 Re5 35. Rb1 Qc7 36. g3 Rd5 37. Kg2 c4 38. Qe4 Qe5 39. Rb8+ Qxb8 40.
Qxd5 c3 41. Qxd4 c2 42. Qd2 Qb2 43. Kf3 c1=Q 44. Qxb2 Qxb2 0-1

[Event "Championnats de la Loire jeunes - benja"]
[Site "St-Etienne"]
[Date "????.??.??"]
[Round "4.4"]
[White "Doucet, Medhi"]
[Black "Bruyas, Benjamin"]
[Result "1-0"]
[WhiteElo "1510"]
[BlackElo "1250"]
[PlyCount "77"]

1. c4 e5 2. Nc3 Nf6 3. e4 Nc6 4. Nf3 Bb4 5. d3 d6 6. Bd2 Bg4 7. Be2 O-O 8. a3
Ba5 9. Nd5 Bxd2+ 10. Qxd2 Bxf3 11. Bxf3 Nd4 12. Qd1 c6 13. Nxf6+ Qxf6 14. Rb1
a6 15. b3 b5 16. Be2 Rfb8 17. b4 a5 18. O-O Qe6 19. Qd2 axb4 20. axb4 bxc4 21.
dxc4 Nxe2+ 22. Qxe2 Ra4 23. Qd2 Qxc4 24. Qxd6 Raxb4 25. Rxb4 Qxb4 26. Qxe5 f6
27. Qe6+ Kf8 28. Qxc6 Re8 29. h3 Rxe4 30. Kh2 Re2 31. Qf3 Qd6+ 32. g3 Re5 33.
Rc1 h5 34. Rc8+ Kf7 35. Qb7+ Re7 36. Qb3+ Kg6 37. Rf8 h4 38. Qc2+ Kg5 39. f4+
1-0

[Event "Championnats de la Loire jeunes - benja"]
[Site "St-Etienne"]
[Date "????.??.??"]
[Round "4.5"]
[White "Treveys, Maxime"]
[Black "Bobilier-Chaumont, Andrea"]
[Result "1-0"]
[WhiteElo "1800"]
[BlackElo "1210"]
[PlyCount "69"]

1. d4 d5 2. c4 e5 3. dxe5 dxc4 4. Qxd8+ Kxd8 5. e3 Nc6 6. f4 Bf5 7. Bxc4 Ke8 8.
Nf3 Nge7 9. O-O Nb4 10. Nd4 Bxb1 11. Rxb1 Rd8 12. a3 Nbc6 13. Nxc6 Nxc6 14. b4
a6 15. Bb2 a5 16. b5 Ne7 17. Rfd1 Rxd1+ 18. Rxd1 Nf5 19. Kf2 Bc5 20. Bc1 h6 21.
g4 Nh4 22. Kg3 Ng6 23. a4 f6 24. e6 c6 25. bxc6 bxc6 26. Bd3 Ne7 27. h4 f5 28.
gxf5 Nc8 29. Bb2 Rg8 30. Be4 Nd6 31. Bd4 Ke7 32. Be5 Nxf5+ 33. Bxf5 g6 34. Bh3
g5 35. f5 1-0

[Event "Championnats de la Loire jeunes - benja"]
[Site "St-Etienne"]
[Date "????.??.??"]
[Round "4.6"]
[White "Vinot, Sebastien"]
[Black "Thery, Philippe-Alexandre"]
[Result "1-0"]
[WhiteElo "1220"]
[BlackElo "1199"]
[PlyCount "85"]

1. e4 e5 2. Nf3 Nc6 3. Bc4 Bc5 4. c3 Nf6 5. d4 exd4 6. cxd4 Bb4+ 7. Nbd2 Nxe4
8. Qe2 d5 9. Bd3 Bf5 10. O-O Bxd2 11. Bxd2 O-O 12. Bf4 Re8 13. Rfe1 Qd7 14. Qe3
Nd6 15. Ne5 Qe6 16. Nxc6 Qxe3 17. Rxe3 Rxe3 18. Bxe3 Bxd3 19. Ne7+ Kf8 20. Nxd5
c6 21. Bf4 Nc4 22. b3 cxd5 23. bxc4 Bxc4 24. Re1 Re8 25. Bd6+ Re7 26. Rxe7 g6
27. Rxb7+ Kg7 28. Rxa7 Kf6 29. a4 Ke6 30. Bc5 f5 31. a5 h5 32. g3 Kf6 33. a6
Bxa6 34. Rxa6+ Kg5 35. Be7+ Kg4 36. Rxg6+ Kh3 37. Rd6 f4 38. gxf4 h4 39. f5 Kg4
40. f6 Kf3 41. f7 Kg4 42. f8=Q Kh5 43. Qf5# 1-0

[Event "Championnats de la Loire jeunes - benja"]
[Site "St-Etienne"]
[Date "????.??.??"]
[Round "4.7"]
[White "Paratcha, Yohan"]
[Black "Tafazzoli, Mickael"]
[Result "1-0"]
[WhiteElo "1199"]
[BlackElo "1199"]
[PlyCount "39"]

1. e4 e5 2. Nf3 Nc6 3. d4 Bd6 4. dxe5 Nxe5 5. Nxe5 Bxe5 6. Bc4 Nf6 7. O-O Nxe4
8. Qf3 Ng5 9. Bxg5 Qxg5 10. Rd1 Bxb2 11. Nc3 Bxa1 12. Rxa1 Qd2 13. h3 Qxc2 14.
Re1+ Kd8 15. Qxf7 c6 16. Qxg7 Qd2 17. Qxh8+ Kc7 18. Rb1 c5 19. Nd5+ Kb8 20.
Qe5+ 1-0

[Event "Championnats de la Loire jeunes - benja"]
[Site "St-Etienne"]
[Date "????.??.??"]
[Round "5.1"]
[White "Adamus, Jeremy"]
[Black "Doucet, Medhi"]
[Result "1-0"]
[WhiteElo "1780"]
[BlackElo "1510"]
[PlyCount "113"]

1. d4 d5 2. c4 Nf6 3. Bf4 b6 4. Nc3 a6 5. Nf3 Nc6 6. e3 Bg4 7. Be2 Bxf3 8. Bxf3
e6 9. Rc1 Bb4 10. a3 Bxc3+ 11. Rxc3 Ne4 12. Rc2 Qd7 13. Qc1 Na5 14. cxd5 exd5
15. Rxc7 Qd8 16. b4 Nb3 17. Qc6+ Kf8 18. Qb7 Qe8 19. Qxb6 Kg8 20. O-O Ned2 21.
Bxd5 Nxf1 22. Bxf7+ Qxf7 23. Rxf7 Kxf7 24. Kxf1 Rhc8 25. Ke2 Rc2+ 26. Kf3 Nd2+
27. Kg4 Rac8 28. Qxa6 Nc4 29. Kg3 Nd2 30. Qb7+ Kg8 31. Qd5+ Kh8 32. b5 Nf1+ 33.
Kf3 Nd2+ 34. Kg4 Nb1 35. Qb3 Nd2 36. Qb4 Ne4 37. Bg3 Nf6+ 38. Kh3 Ne4 39. f3
Ng5+ 40. Kg4 Ne6 41. b6 h6 42. b7 h5+ 43. Kxh5 g6+ 44. Kg4 R2c4 45. bxc8=R+
Rxc8 46. Be5+ Ng7 47. Bxg7+ Kxg7 48. Qb7+ Kh6 49. Qxc8 Kg7 50. Qd7+ Kh6 51. h4
g5 52. hxg5+ Kg6 53. Qe6+ Kg7 54. Qf6+ Kh7 55. g6+ Kg8 56. Qf7+ Kh8 57. Qh7#
1-0

[Event "Championnats de la Loire jeunes - benja"]
[Site "St-Etienne"]
[Date "????.??.??"]
[Round "5.2"]
[White "Pupier, Terry"]
[Black "Barnes, Pierrick"]
[Result "0-1"]
[WhiteElo "1740"]
[BlackElo "1500"]
[PlyCount "118"]

1. e4 e5 2. Nf3 d6 3. Bc4 Be7 4. Nc3 Nf6 5. d3 O-O 6. O-O h6 7. h3 c6 8. a4
Nbd7 9. Re1 Qc7 10. Nh2 Nb6 11. Bb3 a5 12. Qe2 Nbd7 13. Nf1 Nc5 14. Bc4 Be6 15.
Ne3 Rfd8 16. Qf3 Nh7 17. Nf5 Ng5 18. Qg4 Qd7 19. Nxe7+ Qxe7 20. Bxg5 Qxg5 21.
Qxg5 hxg5 22. Rad1 Bxc4 23. dxc4 Ne6 24. Ne2 f6 25. f3 Rd7 26. Rd2 Rad8 27.
Red1 Kf7 28. Kf2 Nf4 29. g3 Nxe2 30. Kxe2 Ke6 31. Ke3 d5 32. cxd5+ cxd5 33.
exd5+ Rxd5 34. Rxd5 Rxd5 35. Rxd5 Kxd5 36. f4 gxf4+ 37. gxf4 f5 38. c4+ Ke6 39.
h4 e4 40. Kd4 g6 41. Kc3 Kd6 42. b4 b6 43. bxa5 bxa5 44. Kd4 Kc6 45. c5 Kc7 46.
Kc4 Kc6 47. Kd4 e3 48. Kxe3 Kxc5 49. Kd3 Kb4 50. Kd4 Kxa4 51. Kc4 Ka3 52. Kc3
a4 53. Kc2 Kb4 54. Kb2 a3+ 55. Ka2 Kc4 56. Kxa3 Kd4 57. Kb4 Ke4 58. Kc4 Kxf4
59. Kd4 Kg4 0-1

[Event "Championnats de la Loire jeunes - benja"]
[Site "St-Etienne"]
[Date "????.??.??"]
[Round "5.3"]
[White "Farge, Damien"]
[Black "Vinot, Sebastien"]
[Result "1-0"]
[WhiteElo "1610"]
[BlackElo "1220"]
[PlyCount "125"]

1. e4 e5 2. Nf3 Nc6 3. d4 d6 4. dxe5 dxe5 5. Qxd8+ Nxd8 6. Nxe5 Bc5 7. Nc3 Bd4
8. Nf3 Bc5 9. Bc4 Nc6 10. Nd5 Bd6 11. Bd2 Be6 12. Ng5 Bxd5 13. exd5 Ne5 14. Bc3
Nxc4 15. Bxg7 Be5 16. Bxh8 Bxh8 17. c3 Bf6 18. Nxh7 O-O-O 19. Nxf6 Nxf6 20. b3
Re8+ 21. Kd1 Nb2+ 22. Kc1 Nd3+ 23. Kd2 Nxf2 24. Rhe1 N2e4+ 25. Kd3 Nf2+ 26. Kd4
Rd8 27. c4 c6 28. Rac1 a6 29. Re7 c5+ 30. Ke3 N6g4+ 31. Kf3 Nd3 32. Rc3 Nde5+
33. Kg3 f5 34. Rg7 Rf8 35. Kf4 b6 36. h3 Nf6 37. Kxe5 Nh5 38. Rg5 Nf6 39. Rxf5
Nd7+ 40. Ke6 Re8+ 41. Kd6 Rg8 42. g4 Rg6+ 43. Ke7 Rg7+ 44. Rf7 Rg8 45. Rcf3 Rg5
46. R3f5 Rg6 47. R5f6 Nxf6 48. Rxf6 Rg7+ 49. Rf7 Rg8 50. Rf8+ Rxf8 51. Kxf8 b5
52. cxb5 axb5 53. Ke7 c4 54. d6 cxb3 55. d7+ Kb7 56. d8=Q bxa2 57. Qa5 a1=Q 58.
Qxa1 Kb6 59. Qb2 Kc5 60. g5 b4 61. g6 Kb5 62. g7 Ka4 63. g8=Q 1-0

[Event "Championnats de la Loire jeunes - benja"]
[Site "St-Etienne"]
[Date "????.??.??"]
[Round "5.4"]
[White "Roncin, Cesar"]
[Black "Treveys, Maxime"]
[Result "1/2-1/2"]
[WhiteElo "1790"]
[BlackElo "1800"]
[PlyCount "59"]

1. e4 c5 2. Nf3 d6 3. d4 cxd4 4. Nxd4 Nf6 5. Nc3 a6 6. a4 e6 7. Be2 Be7 8. Be3
O-O 9. O-O Nc6 10. Nb3 Qd7 11. f3 Bd8 12. Kh1 Bc7 13. Qe1 Rd8 14. Qf2 Qe8 15.
Bg5 Qe7 16. Rfd1 h6 17. Be3 Bd7 18. Rac1 Rac8 19. Bb6 Ne5 20. Bxc7 Rxc7 21. Qb6
Bc6 22. Na5 Ng6 23. Bxa6 Rdc8 24. Nxc6 Rxc6 25. Qxb7 R8c7 26. Qa8+ Kh7 27. Bb5
Rc5 28. Qa6 d5 29. Bd3 R7c6 30. Qa8 1/2-1/2

[Event "Championnats de la Loire jeunes - benja"]
[Site "St-Etienne"]
[Date "????.??.??"]
[Round "5.5"]
[White "Bruyas, Benjamin"]
[Black "Borron, Herve"]
[Result "1-0"]
[WhiteElo "1250"]
[BlackElo "1180"]
[PlyCount "97"]

1. Nf3 d5 2. c4 e6 3. cxd5 exd5 4. d4 Nf6 5. Bg5 Bb4+ 6. Nc3 c6 7. a3 Be7 8. g3
O-O 9. Bg2 h6 10. Bf4 Bf5 11. O-O Bd6 12. Be5 Ng4 13. Bh3 Ne3 14. fxe3 Bxh3 15.
Re1 Bxe5 16. Nxe5 Nd7 17. Nxd7 Qxd7 18. e4 Qe6 19. exd5 cxd5 20. Qd3 a6 21. Qf3
Qf5 22. Qxf5 Bxf5 23. Nxd5 Rad8 24. Ne7+ Kh7 25. Nxf5 g6 26. Ne3 Rxd4 27. Rad1
Rxd1 28. Rxd1 Re8 29. Rd3 g5 30. Kf2 Kg6 31. Rd7 b5 32. Ra7 Rd8 33. Rxa6+ f6
34. Rb6 Rd4 35. Ng2 Rd5 36. b3 Kf5 37. Ne3+ Ke5 38. Nxd5 Kxd5 39. Rxb5+ Kc6 40.
Rf5 Kd6 41. Rxf6+ Kc5 42. Ke3 Kd5 43. Rxh6 Kc5 44. Rh5 Kb6 45. Rxg5 Ka6 46. h4
Kb6 47. h5 Kc6 48. h6 Kd6 49. h7 1-0

[Event "Championnats de la Loire jeunes - benja"]
[Site "St-Etienne"]
[Date "????.??.??"]
[Round "5.6"]
[White "Thery, Philippe-Alexandre"]
[Black "Paratcha, Yohan"]
[Result "1-0"]
[WhiteElo "1199"]
[BlackElo "1199"]
[PlyCount "75"]

1. e4 e5 2. Nf3 Nc6 3. Bb5 Nf6 4. d3 a6 5. Ba4 b5 6. Bb3 Nd4 7. c3 Nxf3+ 8.
Qxf3 d5 9. O-O Bg4 10. Qg3 Bd6 11. Bg5 dxe4 12. Bxf6 Qxf6 13. Qxg4 exd3 14. Qe4
Qh6 15. Qxa8+ Kd7 16. Qxh8 e4 17. h3 Qf4 18. g3 Qf3 19. Qxg7 c5 20. Qxf7+ Qxf7
21. Bxf7 b4 22. c4 Be5 23. Nd2 a5 24. Nxe4 Bd6 25. Nxd6 Kxd6 26. Rad1 a4 27.
Rxd3+ Ke7 28. Bg8 Kf6 29. Bxh7 Ke5 30. Re1+ Kf6 31. Rd5 Kg7 32. Re7+ Kf6 33.
Ree5 a3 34. b3 Kg7 35. Re6 Kf7 36. Ra6 Kg7 37. Rd7+ Kf8 38. Ra8# 1-0

[Event "Championnats de la Loire jeunes - benja"]
[Site "St-Etienne"]
[Date "????.??.??"]
[Round "5.7"]
[White "Bobilier-Chaumont, Andrea"]
[Black "Tafazzoli, Mickael"]
[Result "0-1"]
[WhiteElo "1210"]
[BlackElo "1199"]
[PlyCount "136"]

1. e4 e5 2. Nf3 Nc6 3. Nc3 Nf6 4. Bc4 d6 5. d3 Be6 6. Bxe6 fxe6 7. O-O Ng4 8.
Bg5 Be7 9. h3 Bxg5 10. hxg4 Bf4 11. Ne2 Qf6 12. g5 Bxg5 13. Nxg5 Qxg5 14. Qc1
Qh5 15. Ng3 Qf7 16. Qg5 h6 17. Qg4 Nd4 18. Rac1 h5 19. Qg5 h4 20. Nh1 Ne2+ 21.
Kh2 Nxc1 22. Rxc1 Rh5 23. Qd2 Qf4+ 24. Qxf4 exf4 25. g3 hxg3+ 26. Kg2 O-O-O 27.
fxg3 fxg3 28. Nxg3 Rh7 29. Rf1 Rdh8 30. Rh1 Rxh1 31. Nxh1 Rg8 32. Ng3 g6 33.
Kf3 Rf8+ 34. Kg4 Rf2 35. d4 Rxc2 36. b4 Rxa2 37. e5 Ra4 38. Kg5 dxe5 39. dxe5
Rxb4 40. Kf6 Rb6 41. Kxg6 a5 42. Ne4 a4 43. Nc3 a3 44. Kf6 c5 45. Kg5 c4 46.
Kf4 Kc7 47. Ke3 Kc6 48. Kd4 Ra6 49. Kxc4 a2 50. Nxa2 Rxa2 51. Kb3 Re2 52. Ka4
b5+ 53. Kb4 Rxe5 54. Ka5 b4+ 55. Kxb4 Rc5 56. Ka4 e5 57. Kb4 e4 58. Ka4 Rc4+
59. Kb3 Rc5 60. Kb4 e3 61. Ka4 e2 62. Kb4 e1=Q+ 63. Kb3 Rb5+ 64. Kc4 Qd1 65.
Kc3 Rc5+ 66. Kb2 Qc1+ 67. Ka2 Qc2+ 68. Ka1 Ra5# 0-1